Most Used US Navy Ship Names - Statistics

General Stats
  • This quiz has been taken 385 times
  • The average score is 2 of 9
Answer Stats
Number of Ships: Answer % Correct
8 USS Washington
71%
8 USS Enterprise
67%
8 USS Hornet
26%
11 USS Wasp
23%
7 USS Boston
13%
10 USS Ranger
12%
7 USS Shark
4%
8 USS Morris
3%
8 USS Niagara
2%
No matching quizzes found
Score Distribution
Percent of People with Each Score
Percentile by Number Answered
Your Score History
You have not taken this quiz